Brainrot Quiz - Statystyki

Ogólne statystyki
  • Ten quiz został rozwiązany 137 razy
  • Średni wynik to 2 z 6
Statystyki odpowiedzi
Obrazkowy Odpowiedź % Poprawnych
Brr Brr Patapim
80%
Tung Tung Sahur
78%
Chimpanzini Bananini
38%
Tralarelo Tralala
20%
Bombombini Guzini
13%
Bombardino Croccodrillo
0%
Nie znaleziono quizów pasujących do podanych kryteriów
Rozkład punktacji
Procent ludzi z każdym wynikiem
Percentyl według liczby udzielonych odpowiedzi
Twoja historia wyników
Nie rozwiązałeś tego quizu